00860nam a22002177a 4500999001700000003000900017008004100026040007100067082001900138100002000157245010900177260003900286300002200325505005900347650003900406650003100445650003100476942001600507945002000523952009900543 c12147d12147AR-CdUCM190328b ||||| |||| 00| 0 spa d aMUNICIPALIDAD PROVINCIAL DEL CUSCOcBIBLIOTECA MUNICIPAL DEL CUSCO aC / 980 /bA31 aAguilar, Rafael aHistoria de América :bCurso redactado conforme al programa oficial vigente, de instrucción media /  aCuzco :bEdit. H. G. Rozas,c1927. a2 tomos ;c20 cm. aContenido: t.1. Libro primero -- t.2. Libro segundo. aDescubrimiento de América911873 aConquista americana926483 aColonias españolas99671 2ddccLIBROS awfdj2019-04-08 002ddc4070aSCAbSCAcCARTd2019-04-08g50.00oC / 980 / A31pSCA0001371r2019-04-08yLIBROS